Statystyki dla Flagi Europy z krzyżami

Kliknij tutaj aby rozwiązać quiz!

Ogólne statystyki

  • Ten quiz został rozwiązany 39 633 razy
  • Średni wynik to 7 z 9

Statystyki odpowiedzi

Kraj% Poprawnych
Szwecja
95%
Dania
92%
Finlandia
92%
Norwegia
92%
Islandia
76%
Wielka Brytania
71%
Szwajcaria
61%
Grecja
47%
Malta
37%

Rozkład punktacji

Percentyl według liczby udzielonych odpowiedzi

Procent ludzi z każdym wynikiem

Twoja historia wyników

Nie rozwiązałeś tego quizu